• 首页
  • 本馆介绍
  • 公告通知
  • 最新文献
  • 馆藏检索
  • 电子资源
  • 读者导购
  • 参考咨询
  • 我的图书馆
  • 登录
  • 详细信息显示
  • 放入我的书架
  • 预约/预借图书
  • 作者相关作品
  • 分类相关作品
  • 丛书相关作品
  • 出版社相关作品

书目信息

  • 表格格式
  • 工作单格式
  • 卡片格式
书名: A course in business statistics
作者: William Mendenhall, Robert J. Beaver
分册号:
分册名:
出版地: Boston :
 
出版社: PWS-KENT Pub. Co
出版时间: c1992.
页数: xiii, 866 p. :
开本: 24 cm.
丛书名:
中图分类号:
科图分类号:
其他分类号: F712.3
主题词:
电子资源:
000 00875nam 2200277 a 4500
001 E0751686104
005 20070323142623.00
008 uu
008 910711s1992 maua 00110 eng
010    @a91027113
020    @a0534929893 (acid-free paper).
040    @aDLC @cDLC @dDLC
049    @aN5LA
050 00 @aHF1017 @b.M458 1992
082 00 @a519.5 @220
090    @aF712.3
099    @dF712.3@ex37=3
100 10 @aMendenhall, William.
245 12 @aA course in business statistics / @cWilliam Mendenhall, Robert J. Beaver
250    @a3rd ed.
260 0  @aBoston :@bPWS-KENT Pub. Co.,@cc1992.
300    @axiii, 866 p. :@bill. ;@c24 cm.
500    @aIncludes index.
650  0 @aCommercial statistics.
700 10 @aBeaver, Robert J. @b00 @c20020930 @lNLC09 @h2251 @lNLC09 @h2356 @lNLC09 @h1948
852 9  @bWWJC @cJ09 @k2-94 @hF712.3 @iM53/1992
    
    A course in business statistics / / William Mendenhall, Robert J. Beaver.-3rd ed.-Boston : : PWS-KENT Pub. Co., , c1992.
    xiii, 866 p. : : ill. ; ; 24 cm.
    Includes index.
    
    ISBN 0534929893 (acid-free paper).
    
●
相关链接 在E读中查询图书 在五车中查询图书 在当当中查询图书 在豆瓣中查询图书


正题名:course in business statistics     索取号:F712.3/x37=3         预约/预借

序号 登录号 条形码 馆藏地/架位号 状态 备注
1 0003567   300035673   第二样本阅览室/ [索取号:F712.3/x37=3] 在馆    
2 0003568   300035682   第四借阅区/ [索取号:F712.3/x37=3] 在馆    
唐山师范学院图书馆 欢迎您!
大连网信软件有限公司© 版权所有